<?xml version="1.0" encoding="UTF-8"?>
<record
    xmlns:xsi="http://www.w3.org/2001/XMLSchema-instance"
    xsi:schemaLocation="http://www.loc.gov/MARC21/slim http://www.loc.gov/standards/marcxml/schema/MARC21slim.xsd"
    xmlns="http://www.loc.gov/MARC21/slim">

  <leader>011990000a22001330004500</leader>
  <datafield tag="773" ind1="0" ind2=" ">
    <subfield code="t">Phronesis: a journal of Asian Theological Seminary</subfield>
  </datafield>
  <datafield tag="100" ind1="1" ind2=" ">
    <subfield code="a">O. Gorospe, Adonis Abelard</subfield>
  </datafield>
  <datafield tag="245" ind1="1" ind2="0">
    <subfield code="a">Towards an evangelical protestant mariology</subfield>
  </datafield>
  <datafield tag="300" ind1=" " ind2=" ">
    <subfield code="a">Vol.11, n&#xFA;m.2 (2004), P&#xE1;ginas 49-81</subfield>
  </datafield>
  <datafield tag="500" ind1=" " ind2=" ">
    <subfield code="a">El art&#xED;culo da un recorrido hist&#xF3;rico del desarrollo de la devoci&#xF3;n a Mar&#xED;a.</subfield>
  </datafield>
  <datafield tag="520" ind1=" " ind2=" ">
    <subfield code="a">-Introducci&#xF3;n -Las ra&#xED;ces hist&#xF3;ricas de la devoci&#xF3;n mariana Mar&#xED;a en la escritura: -Mar&#xED;a antes de los evangelios -Mar&#xED;a en las narrativas de la ni&#xF1;ez de Jes&#xFA;s -El papel de Mar&#xED;a durante el ministerio de Jes&#xFA;s en los evangelios -El papel de Mar&#xED;a al pie de la cruz -La concepci&#xF3;n virginal -La mujer de Apocal&#xED;psis 12 -Mar&#xED;a despu&#xE9;s del Nuevo Testamento Mar&#xED;a en la tradici&#xF3;n cristiana -La ense&#xF1;anza cat&#xF3;lica acerca de Mar&#xED;a -La maternidad divina-La concepci&#xF3;n virginalLa concepci&#xF3;n inmaculada-La Asunci&#xF3;n-La ense&#xF1;anza protestante/evang&#xE9;lica acerca de Mar&#xED;aMar&#xED;a en las Filipinas:-"ang mahal na birhen"-El segundo consejo plenario de las Filipinas-Mar&#xED;a seg&#xFA;n los evang&#xE9;licos filipinos-S&#xED;ntesis/reflexi&#xF3;n</subfield>
  </datafield>
  <datafield tag="650" ind1="1" ind2="4">
    <subfield code="a">MARIOLOG&#xCD;A-PROTESTANTE-CAT&#xD3;LICO</subfield>
  </datafield>
  <datafield tag="942" ind1=" " ind2=" ">
    <subfield code="c">ANA</subfield>
  </datafield>
  <datafield tag="952" ind1=" " ind2=" ">
    <subfield code="0">0</subfield>
    <subfield code="1">0</subfield>
    <subfield code="4">0</subfield>
    <subfield code="7">0</subfield>
    <subfield code="8">HEM</subfield>
    <subfield code="a">FUSBC</subfield>
    <subfield code="b">FUSBC</subfield>
    <subfield code="d">2016-01-26</subfield>
    <subfield code="l">0</subfield>
    <subfield code="o"> </subfield>
    <subfield code="r">2016-01-26 00:00:00</subfield>
    <subfield code="w">2016-01-26</subfield>
    <subfield code="y">ANA</subfield>
  </datafield>
  <datafield tag="999" ind1=" " ind2=" ">
    <subfield code="c">62851</subfield>
    <subfield code="d">62851</subfield>
  </datafield>
</record>
